000 00481nam a2200181Ia 4500
005 20250326140857.0
008 250326s9999 xx 000 0 und d
037 _aTextbook
040 _aFMSL
_beng
_cFMSL
041 _aeng
_2eng
084 _aT:3 N6
_qFMSL
100 _aParker G
_985868
245 0 _aTeam building
_cParker G; Kropp R P
260 _aNew Delhi
_bNew Delhi, Viva books
_c1996
300 _a202p
942 _cTB
_hT:3 N6
999 _c1287692
_d1287692